| 000 | 01726 a2200145 4500 | ||
|---|---|---|---|
| 003 | Nust | ||
| 005 | 20170207154035.0 | ||
| 040 | _cNust | ||
| 100 | _aIgor Fürstner | ||
| 245 |
_aAdvanced Knowledge Application in Practice (E-Book) _cIgor Fürstner |
||
| 260 |
_aIndia _bSciyo _c© 2010 |
||
| 300 | _a390 p; | ||
| 505 | _aAn Advanced and Automated Neural Network based Textile Defect Detector 1 Wear Simulation 15 On-line Optodynamic Monitoring of Laser Materials Processing 37 Properties of Hard Carbon Coatings Manufactured on Magnesium Alloys by PACVD Method 61 Simulation of Cold Formability for Cold Forming Processes 85 Investigation and Comparison of Aluminium Foams Manufactured by Different Techniques 95 Application of Fractal Dimension for Estimation of the Type of Passenger Car Driver 119 Advanced Technologies in Biomechanics Investigations for the Analysis of Human Behaviour in Working Activities 131 Polar Sport Tester for Cattle Heart Rate Measurements 157 Realization of a Control IC for PMLSM Drive Based on FPGA Technology 173 Adaptive Control for Power System Stability Improvement 195 General Theory and Practice of Basic Models in the Building of Hydroacoustical Antennas 211 Readout System for Medium-Sized Experiments 243 Swarm Robotics: An Extensive Research Review 259 Virtual Reality Control Systems 279 Real-Time Control System for a Two-Wheeled Inverted Pendulum Mobile Robot 299 From Telerobotic towards Nanorobotic Applications 313 Aid for the Blind to Facilitate the Learning Process of the Local Environment by the Use of Tactile Map 327 Cornea Contour Extraction from OCT Radial Images 341 Advances in Phytoremediation Research: A Case Study of Gynura pseudochina (L.) DC. 353 | ||
| 651 | _a(E-Book) | ||
| 942 |
_2ddc _cBK |
||
| 999 |
_c192337 _d192337 |
||